Statistiken für Top 15 Länder mit Covid-19-Todesfällen - 27. September

Klicken Sie hier um das Quiz zu spielen!

Allgemein

  • Dieses Quiz wurde 10 mal gespielt
  • Das Durchschnittsergebnis liegt bei 14 aus 20

Antwortstatistiken

Land% Korrekt
Vereinigte Staaten
100%
Frankreich
89%
Italien
89%
Mexiko
89%
Russland
89%
Spanien
89%
Vereinigtes Königreich
89%
Indien
78%
Schweden
78%
Argentinien
67%
Belgien
67%
Brasilien
67%
Chile
67%
Iran
67%
Kolumbien
67%
Peru
67%
Bolivien
56%
Ecuador
44%
Südafrika
44%
Panama
33%

Verteilung der Resultate

Perzentil nach korrekt beantworteten Fragen

Anzahl Personen mit jedem Resultat

Ihre Resultats-Entwicklung

Sie haben dieses Quiz noch nicht gespielt